| 000 | 01713nam a2200457 c 4500 | ||
|---|---|---|---|
| 001 | 18681 | ||
| 003 | ES-MaCES | ||
| 005 | 20141221122545.0 | ||
| 008 | 060405s2004 sp bd t o000 | spa d | ||
| 017 |
_aBI 3080-2004 _bDL |
||
| 020 | _a8445127225 | ||
| 035 | _aCES20060003485m | ||
| 040 |
_aES-MaCES _bspa _cES-MaCES |
||
| 245 | 0 | 0 |
_aCambio demográfico y transformaciones económicas y sociales en el centro urbano de Madrid _cequipo de investigación, Vicente Rodríguez Rodríguez (director) ... [et al.] |
| 250 | _a1ª ed | ||
| 260 |
_aMadrid _bConsejo Económico y Social, Comunidad de Madrid _c2004 |
||
| 300 |
_a486 p. _bgráf., mapas _c23 cm _e1 CD-ROM (cartografía digital) |
||
| 490 | 0 |
_aColección Estudios _v25 |
|
| 500 | _a6ª edición Premios del Consejo Económico y Social de la Comunidad de Madrid 2003 | ||
| 500 | _aÍndices | ||
| 504 | _aBibliografía: p. 473-486 | ||
| 541 | _cGratuito | ||
| 650 | 4 |
_adinámica poblacional _928510 |
|
| 650 | 4 |
_aestructura económica _927084 |
|
| 650 | 4 |
_acondiciones económicas _927081 |
|
| 650 | 4 |
_acambio social _927286 |
|
| 650 | 4 |
_avivienda _928598 |
|
| 650 | 4 |
_acondiciones sociales _930469 |
|
| 650 | 4 |
_azona urbana _928618 |
|
| 650 | 4 |
_adesarrollo urbano _928619 |
|
| 650 | 4 |
_aMadrid (Comunidad Autónoma) _930777 |
|
| 650 | 4 |
_a1990-2000 _931184 |
|
| 650 | 4 |
_aCD ROM _930331 |
|
| 653 | 1 | 0 | _aCiencias Sociales-Políticas |
| 700 | 1 |
_aRodríguez Rodríguez, Vicente _922430 |
|
| 710 | 2 |
_aConsejo Económico y Social (Madrid) _eed. _92424 |
|
| 830 | 0 |
_aColección Estudios (Consejo Económico y Social (Madrid)) _v25 _933419 |
|
| 902 | _aLIB Libro | ||
| 942 |
_2CES _cBK _h7.0. |
||
| 999 |
_c18681 _d18681 |
||